<?xml version="1.0" encoding="UTF-8"?>
<record
    xmlns:xsi="http://www.w3.org/2001/XMLSchema-instance"
    xsi:schemaLocation="http://www.loc.gov/MARC21/slim http://www.loc.gov/standards/marcxml/schema/MARC21slim.xsd"
    xmlns="http://www.loc.gov/MARC21/slim">

  <leader>00437cam9a220016900 4500</leader>
  <controlfield tag="001">tmp15754261</controlfield>
  <controlfield tag="003">UPRA</controlfield>
  <controlfield tag="005">20190819085751.0</controlfield>
  <controlfield tag="008">951020s1973    xx                  eng u</controlfield>
  <datafield tag="035" ind1=" " ind2=" ">
    <subfield code="a">(Sirsi) r42036</subfield>
  </datafield>
  <datafield tag="035" ind1=" " ind2=" ">
    <subfield code="a">(UPRA)tmp15754261</subfield>
  </datafield>
  <datafield tag="040" ind1=" " ind2=" ">
    <subfield code="c">UPRA</subfield>
  </datafield>
  <datafield tag="245" ind1="0" ind2="0">
    <subfield code="a">Christians alive :</subfield>
    <subfield code="b">handbook for spiritual growth.</subfield>
  </datafield>
  <datafield tag="260" ind1=" " ind2=" ">
    <subfield code="c">1973.</subfield>
  </datafield>
  <datafield tag="949" ind1=" " ind2=" ">
    <subfield code="a">BV4011.6</subfield>
    <subfield code="w">lcc</subfield>
    <subfield code="i">-51194</subfield>
    <subfield code="m">MAIN</subfield>
    <subfield code="p">2500</subfield>
    <subfield code="t">BOOK</subfield>
    <subfield code="l">ON-SHELF</subfield>
  </datafield>
  <controlfield tag="004">42036</controlfield>
  <datafield tag="999" ind1=" " ind2=" ">
    <subfield code="c">95308</subfield>
    <subfield code="d">95308</subfield>
  </datafield>
</record>
